| 000 | 01195nam a22002777a 4500 | ||
|---|---|---|---|
| 005 | 20241205090823.0 | ||
| 008 | 191022b mx ||||| |||| 00| 0 spa d | ||
| 020 | _a9681849809 | ||
| 020 | _a9681850262 (v. 2) | ||
| 050 | 0 | 4 |
_aTA439 _bM36 1994 |
| 050 | 0 | 4 |
_aTA439 _bC66 1994 |
| 110 | 1 | _aComisión Federal de Electricidad (México) | |
| 245 | 1 | 0 |
_aManual de tecnología del concreto _c / Universidad Nacional Autónoma de México. Instituto de ingeniería ; redacción Manuel Mena Ferrer ; revisión Carlos Javier Mendoza Escobedo, Emilio Zamidio Cíntora, Carlos Gómez Toledo. |
| 250 | _a1a ed. | ||
| 260 |
_aMéxico : _bLimusa, _c1994. |
||
| 300 |
_av. : _bil. ; _c28 cm. |
||
| 505 | 1 |
_tSección 1 Definición y requisitos de los componentes del concreto -- _tSección 2 Concreto fresco y en curso de endurecimiento. |
|
| 650 | 4 | _aConcreto | |
| 650 | 7 |
_2lemb _aHormigón |
|
| 700 | 1 |
_aMena Ferrer, Manuel, _ecolaborador |
|
| 700 | 1 |
_aMendoza Escobedo, Carlos Javier, _erevisor |
|
| 700 | 1 |
_aZamudio Cíntora, Emilio, _erevisor |
|
| 700 | 1 |
_aGómez Toledo, Carlos, _erevisor |
|
| 710 | 2 |
_aUniversidad Nacional Autónoma de México _bInstituto de Ingeniería |
|
| 942 |
_2lcc _cLIB |
||
| 999 |
_c152317 _d152315 |
||